=LDR 00000nam 2200000 4500 =001 INLIS000000000015535 =005 20130612110820 =008 ***********************************Inggris** =035 ##$$0010-061300000015535 =041 ##$$a Inggris =082 ##$$a R.590.03 =090 ##$$a R.590.03, Yan =245 ##$$a Young People's Animal Encyklopedia, Editor Maurie Burton,D.SC =260 ##$$a 1980 $b Chicago =300 ##$$a Jil, ilus, 23 cm =650 ##$$a Binatang-Ensilkopedia =850 ##$$a NBPNMAT